Представление документа в формате MARC21

ПолеНазваниеЗначение
  Тип записи a
  Библиографический уровень m
001 Контрольный номер RU\infra-m\znanium\bibl\2161263
005 Дата корректировки 20260429142407.3
008 Кодируемые данные 260122s2026 RU g rus u
020 Индекс ISBN __
a ISBN 978-5-98281-255-1
020 Индекс ISBN __
a ISBN 978-5-16-110500-9 (электр. издание)
020 Индекс ISBN __
a ISBN 978-5-16-004913-7 (ISBN соиздателя)
040 Источник каталогиз. __
a Служба первич. каталог. Общество с ограниченной ответственностью «ЗНАНИУМ»
041 Код языка издания __
a Код языка текста rus
044 Код страны публикации __
a Код страны публикации RU
080 Индекс УДК __
a Индекс УДК 502(075)
084 Индекс другой классификации/Индекс ББК __
2 Источник индекса rubbk
a Индекс другой классификации/Индекс ББК 30.69
084 Индекс другой классификации/Индекс ББК __
2 Источник индекса okso
a Индекс другой классификации/Индекс ББК 43.03.01
084 Индекс другой классификации/Индекс ББК __
2 Источник индекса okso
a Индекс другой классификации/Индекс ББК 43.04.01
100 Автор __
a Автор Шубов Л.Я.
q Полное имя Шубов Лазарь Яковлевич
u Дополнение Российский государственный университет туризма и сервиса, ф-л Институт туризма и гостеприимства
245 Заглавие __
a Заглавие Технология твердых бытовых отходов
b Продолж. заглавия Учебник
c Ответственность Российский государственный университет туризма и сервиса, ф-л Институт туризма и гостеприимства; Стан; Российский государственный университет туризма и сервиса, ф-л Институт туризма и гостеприимства
250 Сведения об издании __
a Основные сведения об издании 1
260 Выходные данные __
a Место издания Москва
b Издательство Издательский дом "Альфа-М"
c Дата издания 2026
300 Физическое описание __
a Объем 400 с.
440 Серия __
a Серия Технологический сервис
520 Аннотация __
a Аннотация Излагаются технологические основы решения проблемы твердых бытовых отходов. Рассматриваются вопросы комплексной переработки и утилизации отходов потребления. Раскрываются во взаимосвязи технологические аспекты обращения с отходами с позиций экологии экономики ресурсо- и энергосбережения. Для студентов вузов обучающихся по техническим технологическим и экологическим специальностям включая экологический сервис. Представляет интерес для преподавателей и специалистов работающих в системе инженерного обеспечения городского хозяйства и использования вторичных ресурсов а также для проектантов (книга содержит удобный для пользования обширный фактический материал).
521 Примеч. о цел. назн. __
a Примеч. о целев. назн. ВО - Бакалавриат
650 Тематические рубрики __
a Основная рубрика Строительство
x Основная подрубрика Жилищно-коммунальное хозяйство
655 Указ. предметных рубрик (устаревшее) __
a Жанр/ форма (устаревшее) Учебник
700 Другие авторы __
a Другие авторы Ставровский М. Е.
q Полное имя Ставровский Михаил Евгеньевич
u Дополнение Научно-исследовательский институт "Центр экологической промышленной политики"
700 Другие авторы __
a Другие авторы Олейник А.В.
q Полное имя Олейник Андрей Владимирович
u Дополнение Стан
856 Электронный адрес документа 4_
a Имя сервера/домена znanium.ru
m Помощь ebs_support@infra-m.ru
n Местонахождение сервера НИЦ ИНФРА-М
u URL https://znanium.ru/catalog/document?id=476357
856 Электронный адрес документа 48
a Имя сервера/домена znanium.ru
d Путь /cover/2161
f Электронное имя 2161263.jpg
q Тип электронного формата image/jpeg
u URL https://znanium.ru/cover/2161/2161263.jpg
911 __
u 0030=https://znanium.ru/catalog/document?id=476357
911 __
u 712a=Стан
911 __
u 712a=Российский государственный университет туризма и сервиса, ф-л Институт туризма и гостеприимства